Fascículo diabetes (Registro nro. 37018)

Detalles MARC
000 -ENCABEZADO
Número de control [NR] 01036nam a2200253Ia 4500
008 - DE LONGITUD FIJA DE DATOS DE ELEMENTOS - INFORMACIÓN GENERAL
Elementos de longitud fija [NR] 130821s2011 ck a gr spa
020 ## - NUMERO INTERNACIONAL NORMALIZADO PARA LIBROS [R]
Número Internacional Normalizado del libro [NR] 9789589981429
040 ## - FUENTE DE CATALOGACION [NR]
Agencia de catalogación original [NR] Co-BoUCM
Idioma de catalogación [NR] spa
041 00 - CODIGO DE IDIOMA [R]
Código de idioma para texto/pista de sonido o título separado [R] Español
060 ## - SIGNATURA TOPOGRAFICA DE LA BIBLIOTECA NACIONAL DE MEDICINA (NLM) [R]
Número clasificador [R] WK 810
245 00 - MENCION DE TITULO [NR]
Título [NR] Fascículo diabetes
Mención de responsabilidad, etc. [NR] coordinación general Dr. Enrique Ardila Ardila, cordinación fascículo Dr Álvaro José Fortich Revollo ; material editado por Producciones Científicas Ltda.
246 ## - FORMA VARIANTE DEL TITULO [R]
Título propiamente dicho/forma breve del título [NR] Diabetes
260 ## - PUBLICACION, DISTRIBUCION, ETC. (PIE DE IMPRENTA) [R]
Lugar de publicación, distribución, etc. [R] Bogotá (Colombia)
Nombre del editor, distribuidor, etc. [R] Producciones Científicas Ltda
Fecha de publicación, distribución, etc. [R] 2011
300 ## - DESCRIPCION FISICA [R]
Extensión [R] 78 páginas
Otros detalles físicos [NR] ilustraciones, gráficas
490 #0 - MENCION DE SERIE [R]
Mención de serie [R] Fascículos de Endocrinología
Designación numérica/secuencial del volumen [NR] 2
504 ## - NOTA DE BIBLIOGRAFIA, ETC. [R]
Nota de bibliografía, etc. [NR]
650 04 - ASIENTO SECUNDARIO DE MATERIA - TERMINO TEMATICO [R]
Término temático o nombre geográfico como elemento de entrada [NR] Diabetes
9 (RLIN) 13121
650 04 - ASIENTO SECUNDARIO DE MATERIA - TERMINO TEMATICO [R]
Término temático o nombre geográfico como elemento de entrada [NR] Endocrinología
9 (RLIN) 183
700 1# - ASIENTO SECUNDARIO - NOMBRE PERSONAL [R]
Nombre personal [NR] Ardila Ardila, Enrique
Término de relación [R]
9 (RLIN) 126990
700 1# - ASIENTO SECUNDARIO - NOMBRE PERSONAL [R]
Nombre personal [NR] Fortich Revollo, Álvaro
Término de relación [R]
9 (RLIN) 159267
710 2# - ASIENTO SECUNDARIO - NOMBRE CORPORATIVO [R]
Nombre corporativo o de jurisdicción como elemento de entrada [NR] Asociación Colombiana de Endocrinología
9 (RLIN) 70053
710 2# - ASIENTO SECUNDARIO - NOMBRE CORPORATIVO [R]
Nombre corporativo o de jurisdicción como elemento de entrada [NR] Producciones Científicas Ltda
Término de relación [R]
9 (RLIN) 40976
942 ## - ELEMENTOS DE ENTRADA AGREGADOS (KOHA)
Tipo de ítem principal el descrito en 300a Libro
Sistema de clasificación NLM
Tema principal Medicina
Edición 1
Clasificación WK 810
Parte restante de la signatura top. F248d
Existencias
Fecha de último préstamo Total préstamos Total Renewals Signatura topográfica Código de barras Última vez visto Ejemplar Price effective from Tipo de ítem Perdido Sistema de clasificación Dañado No prestable Tipo de ítem específico Suprimido Ubicación habitual Ubicación actual Localización Fecha de creación Forma de adquisición Costo
01/08/2018 4 6 WK 810 F248d 200023648 01/12/2025 Ej.1 03/02/2013 Libro   NLM     Libro   Hospital Universitario Mayor Hospital Universitario Mayor 9no piso 28/02/2012 Donación 26000.00